Music Quiz

Random Music or Artist Quiz

Songs of 2005 Quiz Stats

 Plays Quiz Updated Aug 11, 2016

Challenge
Share
Tweet
Score 0/50 Timer 14:00
1 Play Today
Time Song % Correct
3:22-3:29Wake Me Up When September Ends
78.6%
5:14-5:21Hollaback Girl
78.2%
0:24-0:31Unwritten
77.3%
6:01-6:08Gold Digger
77%
0:55-1:01You're Beautiful
76.7%
0:40-0:47Don't Phunk with My Heart
74.9%
3:38-3:45Mr. Brightside
74.5%
0:00-0:07Dirty Little Secret
72.1%
1:41-1:48Because of You
71.4%
6:24-6:31Candy Shop
71%
5:53-6:00Beverly Hills
70.9%
4:50-4:57Don't Cha
64.9%
4:26-4:33Photograph
64.6%
2:20-2:27Listen to Your Heart
64.1%
1:10-1:17Run It!
63.9%
1:25-1:32Everytime We Touch
62.1%
2:44-2:50Sugar, We're Goin' Down
62.1%
1:18-1:24We Belong Together
60.8%
2:36-2:43Mockingbird
57.8%
4:58-5:05Pon de Replay
57%
3:14-3:21Feel Good Inc.
48.4%
3:46-3:53You and Me
46.8%
4:18-4:25So Sick
42.8%
1:57-2:04Speed of Sound
41.4%
5:06-5:13Switch
39.4%
Time Song % Correct
4:02-4:09Hung Up
37.5%
2:05-2:11Laffy Taffy
35%
1:49-1:56Just the Girl
33.4%
4:34-4:41Scars
32.9%
3:54-4:01Pimpin' All Over the World
31.6%
0:32-0:39Check on It
28.9%
5:22-5:29Lonely No More
28.8%
4:10-4:17Grillz
28.4%
6:09-6:15Soul Survivor
28%
0:16-0:23Incomplete
26.2%
3:07-3:13Hate It or Love It
25.5%
0:08-0:151 Thing
22.7%
1:33-1:40Oh
22.6%
0:48-0:54Be Without You
22.5%
2:28-2:35Lose Control
21.2%
4:42-4:49We Be Burnin'
20.9%
6:16-6:23Let Me Go
19%
2:12-2:19Cater 2 U
15.8%
1:02-1:09Like You
14.9%
5:37-5:44Inside Your Heaven
13.4%
5:45-5:52Slow Down
10.8%
2:59-3:06Unpredictable
10.6%
3:30-3:37Obsession (No Es Amor)
9.5%
2:51-2:58Get It Poppin'
6.9%
5:30-5:36Girl Tonite
3.8%

You're not logged in!

Compare scores with friends on all Sporcle quizzes.
Join for Free
OR
Log In

You Might Also Like...

Show Comments

Extras

Top Quizzes Today


Score Distribution

Your Account Isn't Verified!

In order to create a playlist on Sporcle, you need to verify the email address you used during registration. Go to your Sporcle Settings to finish the process.

Report this User

Report this user for behavior that violates our Community Guidelines.

Details: